Quizzes
Events
Quiz Creation
Community
Videos
Private Events
Remove Ads
Sign In
Join for FREE
Feedback
Dark Mode
Quiz Categories
Sports
Geography
Music
Movies
Television
Just For Fun
Miscellaneous
History
Literature
Language
Science
Gaming
Entertainment
Religion
Holiday
For Kids
Quiz Lab
Recent
Popular Today
Quiz Kudos Today
Editor Picks
Curator Picks
Quizzes by...
Day
Popularity
Type
Ratings
Length
Year
Community
Subscriptions
Recent Discussions
Orange Saloon
Badges
Playlists
Quests
Create
Leaderboards
Showdown
Live 5
Trivia Bingo
Activity
Puzzle Library
Sporcle Events
Private Events
Virtual Trivia
Globe League
Become a Host
Pub Owners
SporcleCon
Opinionation
Our Games
Videos
Blog
Mobile Apps
Partnerships
Remove Ads and Go Orange
Feedback
History
US Presidents
World Leaders
Politics
Nation
Discovery
War
Decade
Year
Century
Biography
Art
History
US Presidents
World Leaders
Politics
Nation
Discovery
War
Decade
Year
Century
Biography
Art
Random Quiz
Search Sporcle
×
Quiz Lab
Quiz Lab
History
Politics
Type in answers that appear in a list
Type in answers that appear in a list
Classic
Best Score? Go Orange.
2012 Politicians Stats
Can you name the Current Politicians?
By
potus
5m
20 Questions
72 Plays
72 Plays
72 Plays
Comments
Comments
Give Quiz Kudos
Give Quiz Kudos
-
- Ratings
hide this ad
Replay
Link that replays current quiz
Next Quiz
Link to next quiz in quiz playlist
You Got
0%
They Got
Avg Score
66%
Avg Friend Score
Upgrade to see
Score Distribution
Jump to the score distribution portion of the page
Score
0/20
Timer
05:00
0
Plays Today
Job
Name
% Correct
President of the United States
Barack Obama
100%
Russian Prime Minister (Soon to be President again)
Vladimir Putin
91.7%
Republican Presidential Challenger
Mitt Romney
87.5%
Most Recent Ex-
President
George W. Bush
84.7%
Senior Senator from Massachusetts
John Kerry
83.3%
German Chancellor
Angela Merkel
75%
Prime Minister (U.K.)
David Cameron
75%
Chief Justice of the Supreme Court
John G. Roberts, Junior
70.8%
Junior Senator from Florida
Marco Rubio
66.7%
French President
Nicolas Sarkozy
65.3%
Job
Name
% Correct
House Majority Leader
John Boehner
65.3%
New York Governor
Andrew Cuomo
62.5%
Senate Minority Leader
Mitch McConnell
61.1%
Any Senator from Vermont
Patrick Leahy or Bernie Sanders
58.3%
Chairman of the Federal Reserve
Ben Bernanke
56.9%
Russian President (Not for Long)
Dmitry Medvedev
55.6%
Senior Senator from Maine
Olympia J. Snowe
50%
Secretary of Homeland Security
Janet Napolitano
44.4%
Junior Senator from Maine
Susan Collins
43.1%
House Minority Whip
Steny Hoyer
40.3%
Quiz Playlist
Details
Report
Send in Message
Add To Playlist
Classic:
Type in answers that appear in a list
Last Updated: Feb 16, 2017
Quiz Scoreboard
CHALLENGE
Sign Up to Join the Scoreboard
Show All
Scores
Hide
Comments
May contain spoilers
Recently Published
College Basketball Coaching Resumes
by pancakes188
Sports
9m
Billboard Blitz: Fleetwood Mac
by CooCooCachoo
Music
15s
Presidents Visiting Landmarks
by Hejman
History
7m
More to Explore
Quiz From the Vault
Featured Blog Post
Where Did the Easter Bunny Come From?
hide this ad
You Might Also Like...
Tags
Politics Quiz
United States Quiz
Political Entities
Political Science
Politician
Today's Top Quizzes in History
Browse History
hide this ad
Today's Top Quizzes in Politics
Browse Politics
Top Contributed Quizzes in History
1
Popular People in 1991
2
Popular People in 1981
3
Popular People in 1951
4
Popular People in 1941
5
Popular People in 1986
6
Popular People in 1976
7
Popular People in 1921
8
5-to-1: 20th Century Images of War
9
I Am Born On March 28th
10
Popular People in 1946
Explore More
Trending Topics
Crossword
Anime
Kpop
Marvel
NBA
Disney
Harry Potter
Country
Soccer
Song
The Office
Puzzle
NFL
Pokémon
WWE
hide this ad
More By:
potus
Quiz
Plays
Rating
Category
Featured
Created
Can you name the losers in presidential elections?
208
5.00
History
Mar 12, 2012
2012 Politicians
72
1.33
History
Apr 7, 2012
Supercarriers
20
History
Apr 8, 2012
Go to Creator's Profile
Score Distribution
Quiz Creator Spotlight
potus
Follow
Send a Message
Quizzes Created
-
Created Quiz Play Count
-
More By This Creator
Popular Quizzes Today
1
Find the US States - No Outlines Minefield
2
Find the Countries of Europe - No Outlines Minefield
3
The Countries of the World
4
Find the US States
5
Risky Map Clicking: Biggest States A-Z
6
US States
7
Popular People in 1961
8
Movies - When Are They Set?
More History Quizzes
Find that Civilization: North America
Editor's Pick
Trending Quizzes
Risky Map Clicking: Least Populous States A-Z
1-10 Letter G Words
1-10 Letter F Words
Risky Map Clicking: Next State Alphabetically
Risky Map Clicking: Biggest States A-Z
Recently Updated
Leaping Animals
pecheneg
Reality TV Shows (A-Z)
bhenderson79
Rickey Henderson's Hall of Fame Teammates
pecheneg
Champions League XIs: Arsenal
pecheneg
Quick Pick: Celebrities in WWE's Hall of Fame
aduchscher
A-Z Keypad Blitz II
pecheneg
Multiple Oscar Actors
pecheneg
Mystery Phrase Blitz: Oscar 'Best Actors'
pecheneg
F. Scott Fitzgerald Novels
LTH
Pick 3 Villains
ddd62291
Trending Topics
Crossword
Disney
Anime
Kpop
NBA
Harry Potter
Marvel
Puzzle
Soccer
WWE
Pokémon
Song
The Office
Country
NFL
Your Account Isn't Verified!
In order to create a playlist on Sporcle, you need to verify the email address you used during registration. Go to your
Sporcle Settings
to finish the process.
Report this User
Report this user for behavior that violates our
Community Guidelines
.
Details:
Send Report
Go to the Sporcle.com Mobile Site →
Comments